[Event "Peterborough 4NCL Easter op-A"]
[Site "Peterborough"]
[Date "2024.04.01"]
[Round "6"]
[White "Samarakoon, Vivash Ransara"]
[Black "Prior, Stephen"]
[Result "1-0"]
[WhiteElo "1978"]
[BlackElo "2012"]
[PlyCount "91"]
[EventDate "2024.03.29"]
[EventType "swiss"]
[EventRounds "7"]
[EventCountry "ENG"]
[SourceTitle "CB14_2024"]
[SourceDate "2024.04.01"]
[SourceVersion "1"]
[SourceVersionDate "2024.04.01"]
[SourceQuality "1"]

1. e4 e5 2. Nf3 Nc6 3. Bb5 a6 4. Ba4 Nf6 5. 0-0 Be7 6. Re1 b5 7. Bb3 0-0 8. c3 d5 9. exd5 Nxd5 10. a4 Bb7 11. d3 Bf6 12. Be3 b4 13. Qc2 Re8 14. Nbd2 bxc3 15. bxc3 Nce7 16. Ne4 Nxe3 17. Rxe3 Nd5 18. Bxd5 Bxd5 19. Rae1 Kh8 20. d4 Bxe4 21. Rxe4 g6 22. Qa2 Qe7 23. Nxe5 Bxe5 24. Rxe5 Qd7 25. h3 Rxe5 26. Rxe5 Kg7 27. Qc4 Qd6 28. Qb3 c6 29. g3 Rb8 30. Qa2 Qf6 31. Kg2 Qd6 32. a5 Rb5 33. Rxb5 cxb5 34. Qe2 b4 35. cxb4 Qd5+ 36. Kg1 Qxd4 37. Qxa6 Qxb4 38. Qb6 Qe1+ 39. Kh2 Qe4 40. a6 Qf3 41. Qb2+ Kh6 42. a7 f6 43. Qa2 Qa8 44. Qf7 f5 45. Qc7 g5 46. Qb8 1-0

[Event "London Classic op 10th"]
[Site "London"]
[Date "2018.12.10"]
[Round "2"]
[White "Rohfleisch, Daniel"]
[Black "Prior, Stephen"]
[Result "1/2-1/2"]
[WhiteElo "1820"]
[BlackElo "2065"]
[PlyCount "87"]
[EventDate "2018.12.09"]
[EventType "swiss"]
[EventRounds "9"]
[EventCountry "ENG"]
[SourceTitle "CBM 187 Extra"]
[Source "ChessBase"]
[SourceDate "2018.11.04"]
[SourceVersion "1"]
[SourceVersionDate "2018.11.04"]
[SourceQuality "1"]

1. e4 c5 2. c3 g6 3. Nf3 Bg7 4. d4 cxd4 5. cxd4 d5 6. exd5 Nf6 7. Bb5+ Nbd7 8. Nc3 0-0 9. d6 exd6 10. 0-0 a6 11. Bd3 b5 12. Ne4 d5 13. Nd6 Nb6 14. Nxc8 Rxc8 15. Re1 Re8 16. Bg5 Qd6 17. Bxf6 Bxf6 18. Qd2 Nc4 19. Bxc4 dxc4 20. a3 Qd5 21. Qf4 Bg7 22. h4 a5 23. Ne5 Rcd8 24. Rad1 Bxe5 25. dxe5 Qxd1 26. Rxd1 Rxd1+ 27. Kh2 Rd5 28. a4 Rdxe5 29. axb5 Rxb5 30. Qxc4 Reb8 31. Qc3 a4 32. f4 Rxb2 33. h5 R2b5 34. hxg6 hxg6 35. Qa3 Rb4 36. g3 R8b5 37. f5 g5 38. Qc1 Rb2+ 39. Kh3 f6 40. Qc8+ Kg7 41. Qd7+ Kf8 42. Qd8+ Kf7 43. Qd7+ Kf8 44. Qd8+ 1/2-1/2

[Event "Basingstoke 4NCL Spring Bank op-A 1st"]
[Site "Basingstoke"]
[Date "2018.05.28"]
[Round "7"]
[White "Amato, Giampiero"]
[Black "Prior, Stephen"]
[Result "1-0"]
[WhiteElo "2075"]
[BlackElo "2014"]
[PlyCount "117"]
[EventDate "2018.05.25"]
[EventType "swiss"]
[EventRounds "7"]
[EventCountry "ENG"]
[SourceTitle "CBM 184 Extra"]
[Source "ChessBase"]
[SourceDate "2018.06.28"]
[SourceVersion "1"]
[SourceVersionDate "2018.06.28"]
[SourceQuality "1"]

1. d4 d5 2. Bg5 h6 3. Bh4 c5 4. dxc5 Nc6 5. Qd2 g5 6. Bg3 Bg7 7. Nc3 d4 8. Nb5 Nf6 9. Nc7+ Kf8 10. f3 Nd5 11. Nxd5 Qxd5 12. e4 Qxc5 13. Bd3 Be6 14. Ne2 Ne5 15. 0-0 Nc4 16. Bxc4 Bxc4 17. Bf2 Qb5 18. Nxd4 Bxd4 19. Bxd4 e5 20. a4 Qc6 21. Bxe5 Bxf1 22. Bxh8 Ba6 23. Bc3 Qb6+ 24. Qd4 Qxd4+ 25. Bxd4 Rc8 26. c3 b6 27. Kf2 Rc7 28. Ke3 Bc4 29. Bf6 Rd7 30. Bd4 Ke7 31. a5 b5 32. h4 a6 33. Rh1 g4 34. fxg4 Be6 35. Kf4 Rc7 36. g5 h5 37. Rd1 Bg4 38. Bf6+ Ke6 39. Rd8 Rd7 40. Re8+ Kd6 41. Be5+ Kc6 42. Bd4 b4 43. Rc8+ Kb7 44. Rc5 bxc3 45. bxc3 Rc7 46. Ke5 Rxc5+ 47. Bxc5 Kc6 48. Bb4 Kd7 49. Kf6 Ke8 50. c4 Be2 51. c5 Bb5 52. e5 Bc6 53. g6 fxg6 54. Kxg6 Bxg2 55. Kxh5 Kf7 56. Kg5 Bd5 57. h5 Kg7 58. h6+ Kh7 59. Bd2 1-0

[Event "Basingstoke 4NCL Spring Bank op-A 1st"]
[Site "Basingstoke"]
[Date "2018.05.25"]
[Round "1"]
[White "Bates, Richard"]
[Black "Prior, Stephen"]
[Result "1-0"]
[WhiteElo "2371"]
[BlackElo "2014"]
[PlyCount "87"]
[EventDate "2018.05.25"]
[EventType "swiss"]
[EventRounds "7"]
[EventCountry "ENG"]
[SourceTitle "CBM 184 Extra"]
[Source "ChessBase"]
[SourceDate "2018.06.28"]
[SourceVersion "1"]
[SourceVersionDate "2018.06.28"]
[SourceQuality "1"]

1. d4 Nf6 2. Nf3 e6 3. c4 Bb4+ 4. Bd2 a5 5. g3 d6 6. Bg2 Nbd7 7. 0-0 e5 8. dxe5 dxe5 9. Nc3 0-0 10. Qc2 Qe7 11. Nd5 Nxd5 12. cxd5 Bd6 13. Rac1 h6 14. Nh4 Nb6 15. Nf5 Bxf5 16. Qxf5 Qd7 17. Qd3 f5 18. e4 f4 19. Rc2 g5 20. Rfc1 Rf7 21. gxf4 gxf4 22. Qh3 Qe7 23. Qxh6 Rf6 24. Qg5+ Kf7 25. Kh1 Rh8 26. Bf3 Rfh6 27. Qxe7+ Kxe7 28. Bxa5 Rxh2+ 29. Kg1 R2h3 30. Kg2 Rh2+ 31. Kf1 R8h3 32. Ke2 Na8 33. a4 b6 34. Be1 Bc5 35. b4 Bd4 36. a5 bxa5 37. bxa5 Rh8 38. Rb1 R2h6 39. Rb7 Ra6 40. Rc1 Rh2 41. Rc6 Rxa5 42. Bxa5 Rxf2+ 43. Ke1 Rxf3 44. d6+ 1-0

[Event "Doncaster 4NCL op-A 18th"]
[Site "Doncaster"]
[Date "2018.04.15"]
[Round "5"]
[White "Prior, Stephen"]
[Black "Willow, Jonah B"]
[Result "0-1"]
[WhiteElo "1979"]
[BlackElo "2177"]
[PlyCount "118"]
[EventDate "2018.04.13"]
[EventType "swiss"]
[EventRounds "5"]
[EventCountry "ENG"]
[SourceTitle "CBM 184 Extra"]
[Source "ChessBase"]
[SourceDate "2018.06.28"]
[SourceVersion "1"]
[SourceVersionDate "2018.06.28"]
[SourceQuality "1"]

1. d4 Nf6 2. Bf4 c5 3. d5 d6 4. Nc3 g6 5. e4 Bg7 6. Bb5+ Nbd7 7. a4 0-0 8. Nf3 a6 9. Be2 Rb8 10. a5 b5 11. axb6 Qxb6 12. 0-0 Qxb2 13. Qd3 c4 14. Qd2 Nh5 15. Na4 c3 16. Qe3 Qb4 17. Bh6 Bxh6 18. Qxh6 Nhf6 19. Ng5 Re8 20. f4 Nf8 21. f5 Nxe4 22. fxg6 hxg6 23. Nxf7 Qd4+ 24. Kh1 Nf2+ 25. Rxf2 Qxf2 26. Rf1 Rb1 27. Rxb1 Qxe2 28. Qf4 Qxc2 29. Rf1 Bf5 30. Nh6+ Kg7 31. Nxf5+ Qxf5 32. Qc1 Qxd5 33. Qxc3+ Qe5 34. Qc6 Qb5 35. Qc3+ e5 36. Ra1 Nd7 37. Qc7 Rf8 38. Qc1 Rf2 39. h3 Qd5 40. Qg5 Qd4 41. Qc1 Qe4 42. Qg5 Nf6 43. Nc3 Qd4 44. Rb1 Nd7 45. Qg3 Rf7 46. Rd1 Qb4 47. Nd5 Qa4 48. Nc3 Qc6 49. Nd5 Nc5 50. Nb4 Ne4 51. Nxc6 Nxg3+ 52. Kh2 Ne4 53. Ra1 Nc5 54. Rd1 Rf6 55. Rd5 e4 56. Na5 e3 57. Rd1 e2 58. Re1 Re6 59. Nc6 Re4 0-1

[Event "Doncaster 4NCL op-A 18th"]
[Site "Doncaster"]
[Date "2018.04.14"]
[Round "2"]
[White "Prior, Stephen"]
[Black "Kilshaw, Joe"]
[Result "1-0"]
[WhiteElo "1979"]
[BlackElo "2072"]
[PlyCount "59"]
[EventDate "2018.04.13"]
[EventType "swiss"]
[EventRounds "5"]
[EventCountry "ENG"]
[SourceTitle "CBM 184 Extra"]
[Source "ChessBase"]
[SourceDate "2018.06.28"]
[SourceVersion "1"]
[SourceVersionDate "2018.06.28"]
[SourceQuality "1"]

1. d4 f5 2. Nc3 Nf6 3. Bg5 d5 4. Bxf6 exf6 5. e3 Be6 6. Bd3 Qd7 7. Nge2 Nc6 8. Nf4 Bf7 9. 0-0 h5 10. a3 g5 11. Nfe2 0-0-0 12. b4 Bd6 13. Na4 Ne7 14. Nc5 Qe8 15. b5 h4 16. Qd2 b6 17. Na6 Qg8 18. a4 g4 19. Nf4 Be8 20. a5 Bd7 21. axb6 cxb6 22. c4 Bxf4 23. exf4 g3 24. fxg3 hxg3 25. h3 dxc4 26. Bxc4 Be6 27. Bxe6+ Qxe6 28. Rfc1+ Kb7 29. Rc7+ Ka8 30. Rxa7+ 1-0

[Event "Doncaster 4NCL op-A 18th"]
[Site "Doncaster"]
[Date "2018.04.14"]
[Round "3"]
[White "Whitfield, Craig M"]
[Black "Prior, Stephen"]
[Result "1-0"]
[WhiteElo "2069"]
[BlackElo "1979"]
[PlyCount "81"]
[EventDate "2018.04.13"]
[EventType "swiss"]
[EventRounds "5"]
[EventCountry "ENG"]
[SourceTitle "CBM 184 Extra"]
[Source "ChessBase"]
[SourceDate "2018.06.28"]
[SourceVersion "1"]
[SourceVersionDate "2018.06.28"]
[SourceQuality "1"]

1. d4 Nf6 2. Bf4 c5 3. e3 g6 4. Nf3 Bg7 5. c3 b6 6. Be2 Bb7 7. 0-0 0-0 8. Nbd2 d6 9. h3 Nc6 10. a4 a6 11. Re1 Re8 12. Bh2 e5 13. dxe5 dxe5 14. Nc4 e4 15. Ng5 Re7 16. Nd6 Ne8 17. Ngxe4 Rd7 18. Nxb7 Rxd1 19. Nxd8 Rdxd8 20. Red1 Be5 21. Bxe5 Nxe5 22. f4 Nc6 23. Kf2 a5 24. Bc4 Kg7 25. Ke2 Ne7 26. g4 h6 27. Bb5 Nf6 28. Nxf6 Kxf6 29. Rxd8 Rxd8 30. Rd1 Rxd1 31. Kxd1 g5 32. Ke2 Nc8 33. Kf3 Nd6 34. Bd3 Ke7 35. e4 f6 36. e5 Nf7 37. Bc4 Nh8 38. exf6+ Kxf6 39. f5 Ke5 40. Ke3 h5 41. Kf3 1-0

[Event "London Classic op"]
[Site "London"]
[Date "2017.12.03"]
[Round "3"]
[White "Ronka, Erik"]
[Black "Prior, Stephen"]
[Result "1-0"]
[WhiteElo "2260"]
[BlackElo "2037"]
[PlyCount "69"]
[EventDate "2017.12.02"]
[EventType "swiss"]
[EventRounds "9"]
[EventCountry "ENG"]
[SourceTitle "CBM 182 Extra"]
[Source "ChessBase"]
[SourceDate "2018.02.23"]
[SourceVersion "1"]
[SourceVersionDate "2018.02.23"]
[SourceQuality "1"]

1. d4 Nf6 2. c4 e6 3. Nc3 Bb4 4. a3 Bxc3+ 5. bxc3 b6 6. f3 Ba6 7. e4 d6 8. Bd3 h6 9. Nh3 0-0 10. Qe2 Nbd7 11. Nf2 Re8 12. g4 c5 13. e5 dxe5 14. dxe5 Nh7 15. h4 Bb7 16. g5 h5 17. Rg1 g6 18. Bf4 Qc7 19. Be4 Red8 20. Bxb7 Qxb7 21. Ne4 Ndf8 22. Kf2 Rd7 23. a4 Rb8 24. a5 Qc6 25. Rgb1 Rdd8 26. axb6 Rxb6 27. Rd1 Rxd1 28. Qxd1 Rb2+ 29. Kg3 Qb6 30. Be3 Qc7 31. Qd6 Qb6 32. Bxc5 Qb3 33. Rxa7 Qxc4 34. Qe7 Nxg5 35. Qxf8+ 1-0

[Event "Doncaster 4NCL op-A 15th"]
[Site "Doncaster"]
[Date "2017.09.08"]
[Round "1"]
[White "Prior, Stephen"]
[Black "Hebden, Mark"]
[Result "0-1"]
[WhiteElo "2080"]
[BlackElo "2462"]
[PlyCount "112"]
[EventDate "2017.09.08"]
[EventType "swiss"]
[EventRounds "5"]
[EventCountry "ENG"]
[SourceTitle "CBM 180 Extra"]
[Source "ChessBase"]
[SourceDate "2017.10.06"]
[SourceVersion "1"]
[SourceVersionDate "2017.10.06"]
[SourceQuality "1"]

1. d4 Nf6 2. Bf4 d6 3. e3 g6 4. Nf3 Bg7 5. Be2 0-0 6. 0-0 c5 7. c3 Be6 8. h3 Qb6 9. b3 Nc6 10. Bh2 cxd4 11. exd4 Rac8 12. Nbd2 d5 13. Bd3 Bf5 14. Bxf5 gxf5 15. Nh4 e6 16. Bf4 Ne4 17. Nxe4 fxe4 18. Bd6 Rfd8 19. Bc5 Qc7 20. g3 f5 21. Ng2 Ne5 22. dxe5 Qxc5 23. Nf4 Re8 24. Qd4 b6 25. Rac1 Qc7 26. Nh5 Bxe5 27. Nf6+ Bxf6 28. Qxf6 Qg7 29. Qxg7+ Kxg7 30. Rfd1 Rc7 31. c4 Rec8 32. Rb1 dxc4 33. bxc4 Kf6 34. Rb4 h5 35. Rc1 h4 36. gxh4 Rh8 37. Rb3 Rxh4 38. Kh2 f4 39. Rbc3 f3 40. Rg1 Kf5 41. Rg8 Kf4 42. Rf8+ Ke5 43. Rg8 Rch7 44. Rg3 Kd4 45. Rc1 R7h5 46. Rc2 Rh8 47. a4 R8h5 48. Rc1 Kd3 49. a5 Rxa5 50. Rg7 e3 51. Rd7+ Ke4 52. fxe3 Rh8 53. Rcd1 Ra2+ 54. R1d2 Rxd2+ 55. Rxd2 Kxe3 56. Ra2 e5 0-1

[Event "Wakefield 4NCL op 13th"]
[Site "Wakefield"]
[Date "2017.04.09"]
[Round "5"]
[White "Prior, Stephen"]
[Black "Burnett, Jim"]
[Result "1/2-1/2"]
[WhiteElo "2082"]
[BlackElo "2075"]
[PlyCount "63"]
[EventDate "2017.04.07"]
[EventType "swiss"]
[EventRounds "5"]
[EventCountry "ENG"]
[SourceTitle "CBM 177 Extra"]
[Source "ChessBase"]
[SourceDate "2017.04.27"]
[SourceVersion "1"]
[SourceVersionDate "2017.04.27"]
[SourceQuality "1"]

1. d4 d5 2. Bf4 Nf6 3. e3 c5 4. c3 Nc6 5. Nd2 Bf5 6. Qb3 Qc8 7. h3 e6 8. Ngf3 c4 9. Qd1 b5 10. Nh4 Bg6 11. Be2 Be7 12. Nxg6 hxg6 13. 0-0 0-0 14. Bf3 Rd8 15. Qe2 Bd6 16. Bxd6 Rxd6 17. e4 Rd8 18. a3 Qc7 19. b3 a6 20. Rfb1 Rdb8 21. Rb2 Ra7 22. Rab1 Rab7 23. g4 dxe4 24. Bxe4 Nxe4 25. Nxe4 cxb3 26. Nc5 Rb6 27. Nxb3 Qd6 28. Nc5 Ne7 29. a4 Nd5 30. a5 Rc6 31. Qf3 Rbc8 32. Re2 1/2-1/2

[Event "Crawley e2e4 Gatwick Whitsun op"]
[Site "Crawley"]
[Date "2016.05.28"]
[Round "3"]
[White "Gallagher, Daniel GH"]
[Black "Prior, Stephen"]
[Result "1-0"]
[WhiteElo "2168"]
[BlackElo "1917"]
[PlyCount "57"]
[EventDate "2016.05.27"]
[EventType "swiss"]
[EventRounds "7"]
[EventCountry "ENG"]
[SourceTitle "CBM 172 Extra"]
[Source "ChessBase"]
[SourceDate "2016.06.21"]
[SourceVersion "1"]
[SourceVersionDate "2016.06.21"]
[SourceQuality "1"]

1. e4 c6 2. Nc3 d5 3. Nf3 Bg4 4. h3 Bxf3 5. Qxf3 e6 6. d3 Nf6 7. Bd2 Nbd7 8. g4 h6 9. Bg2 Bd6 10. 0-0 Qc7 11. Qd1 0-0-0 12. f4 Bc5+ 13. Kh1 dxe4 14. dxe4 g5 15. e5 Nd5 16. Nxd5 exd5 17. b4 Bb6 18. Qe2 Rde8 19. Rae1 h5 20. b5 hxg4 21. bxc6 Qxc6 22. Qxg4 Rh4 23. Qxg5 Reh8 24. Rf3 d4 25. Kh2 Bd8 26. Qf5 Kb8 27. Rb3 Qa4 28. Rxb7+ Kc8 29. Rxd7 1-0

[Event "London Classic op 7th"]
[Site "London"]
[Date "2015.12.04"]
[Round "1"]
[White "Prior, Stephen"]
[Black "Papp, Petra"]
[Result "1/2-1/2"]
[WhiteElo "1959"]
[BlackElo "2336"]
[PlyCount "187"]
[EventDate "2015.12.04"]
[EventType "swiss"]
[EventRounds "9"]
[EventCountry "ENG"]
[SourceTitle "CBM 169 Extra"]
[Source "ChessBase"]
[SourceDate "2015.12.18"]
[SourceVersion "1"]
[SourceVersionDate "2015.12.18"]
[SourceQuality "1"]

1. c4 Nf6 2. g3 c5 3. Nf3 d5 4. cxd5 Nxd5 5. Nc3 Nc6 6. Bg2 Nc7 7. d3 e5 8. Nd2 Bd7 9. Nc4 f6 10. Ne3 Be6 11. Bxc6+ bxc6 12. Qa4 Qd7 13. Nc4 Nd5 14. Ne4 Rb8 15. Ned2 Be7 16. Na5 Rb5 17. Ndc4 0-0 18. Bd2 Kh8 19. Qc2 Nb4 20. Qc1 Bg4 21. Bxb4 cxb4 22. Nb3 Rd8 23. Qe3 Bh3 24. 0-0-0 Be6 25. Rd2 a5 26. Nb6 Qd6 27. Nc4 Qd5 28. Rdd1 a4 29. Nbd2 Bc5 30. Qe4 Bxf2 31. Qh4 a3 32. b3 Qd4 33. Qxd4 Bxd4 34. Kc2 Bg4 35. Nf3 Bc3 36. h3 Bf5 37. g4 Bg6 38. Nh4 Bf7 39. Nf5 Rbd5 40. Ne7 Rc5 41. Nf5 Be6 42. e4 Bd4 43. Rhf1 Rb5 44. Rf3 Bc5 45. Nfe3 Rb7 46. Rff1 Rbd7 47. Rf3 Kg8 48. Rff1 Rf7 49. Nf5 Bf8 50. Nfe3 g6 51. Rf3 Bh6 52. Rff1 Bf8 53. Rf3 Bc5 54. Rff1 Kg7 55. h4 Bd4 56. h5 Kh6 57. Rf3 Kg7 58. Rh3 Kf8 59. Rf1 Ke7 60. Rfh1 Rg8 61. hxg6 Rxg6 62. Rxh7 Bxc4 63. Nf5+ Kd8 64. bxc4 Rxh7 65. Rxh7 Rxg4 66. Kb3 Bc3 67. Rh8+ Kc7 68. Rh2 Rg1 69. c5 Rb1+ 70. Kc4 Rb2 71. Rh7+ Kd8 72. Rh8+ Kd7 73. Rh7+ Ke8 74. Rh8+ Kf7 75. Rc8 Rxa2 76. Rc7+ Kg6 77. Rxc6 Rc2 78. Ne3 Re2 79. Nd5 a2 80. Rxf6+ Kg7 81. Ra6 a1Q 82. Rxa1 Bxa1 83. Nxb4 Rf2 84. c6 Rf8 85. Nd5 Bd4 86. Kb5 Kf7 87. c7 Ke6 88. Kc6 Bf2 89. Kb7 Kd7 90. Nf6+ Ke6 91. Nd5 Kd7 92. Nf6+ Ke6 93. Nd5 Kd7 94. Nf6+ 1/2-1/2

[Event "Bruges Masters op"]
[Site "Bruges"]
[Date "2015.08.28"]
[Round "9"]
[White "Prior, Stephen"]
[Black "Boucquet, Emile"]
[Result "0-1"]
[WhiteElo "1992"]
[BlackElo "2161"]
[PlyCount "112"]
[EventDate "2015.08.24"]
[EventType "swiss"]
[EventRounds "9"]
[EventCountry "BEL"]
[SourceTitle "EXT 2016"]
[Source "ChessBase"]
[SourceDate "2015.10.08"]
[SourceVersion "1"]
[SourceVersionDate "2015.10.08"]
[SourceQuality "1"]

1. c4 Nf6 2. g3 e5 3. Bg2 c6 4. d4 d6 5. Nc3 Be7 6. e3 0-0 7. Nge2 Bg4 8. 0-0 Qc8 9. b4 Bh3 10. c5 Bxg2 11. Kxg2 dxc5 12. bxc5 exd4 13. exd4 Rd8 14. Qb3 Nbd7 15. Re1 Nf8 16. Nf4 Qc7 17. Nce2 Rd7 18. Nd3 Ne6 19. Ne5 Rd5 20. Nc3 Nxd4 21. Nxd5 Nxd5 22. Qc4 Ne6 23. Bb2 Bxc5 24. Qg4 Bxf2 25. Nc4 Bxe1 26. Rxe1 b5 27. Be5 Qd7 28. Ne3 Nef4+ 29. Kf3 Qxg4+ 30. Nxg4 Nd3 31. Rd1 Nxe5+ 32. Nxe5 Nb4 33. a3 Nc2 34. Nxc6 g6 35. a4 bxa4 36. Rd2 Na3 37. Ra2 Nb5 38. Rxa4 Kg7 39. Ra5 a6 40. Nb4 Nc7 41. Ke4 Rb8 42. Nc6 Rb2 43. h4 h5 44. Nd4 Rb6 45. Kf3 Rb4 46. Nc6 Rb3+ 47. Kf2 Ne6 48. Rxa6 Nc5 49. Ra7 Ne4+ 50. Ke1 Nxg3 51. Ne5 Re3+ 52. Kf2 Rxe5 53. Kxg3 Re3+ 54. Kf4 Rh3 55. Kg5 Rf3 56. Rxf7+ Kxf7 0-1